| 000 | 00335nam a22001337a 4500 | ||
|---|---|---|---|
| 020 | _a0-408-00594-7 | ||
| 082 | _a629.2 NUN'V | ||
| 100 |
_aNUNNEY, M. J _968847 |
||
| 245 | _aVEHICLE TECHNOLOGY | ||
| 260 |
_aUNITED KINGDOM _bBUTTERWORTH _c1982 |
||
| 300 | _a134P | ||
| 650 |
_aAUTOMOBILES DESIGN AND CONSTRUCTION _974205 |
||
| 942 | _cBK | ||
| 999 |
_c579767 _d579767 |
||